| 000 | 00659nam a2200229Ia 4500 | ||
|---|---|---|---|
| 005 | 20250508162210.0 | ||
| 008 | 008 250505s9999 xx 000 0 eng d | ||
| 020 | _a0-205-07142-2 | ||
| 037 | _aTextual | ||
| 040 |
_aFEDL _beng _cFEDL |
||
| 041 |
_aeng _2eng |
||
| 084 |
_a371.2, ALF _qFEDL |
||
| 100 |
_aAlfonso Robert J _9243488 |
||
| 245 | 0 | _aInstructional supervision : A behavior system | |
| 250 | _a2 | ||
| 260 |
_aBoston, USA _bAllyn and Bacon _c1981 |
||
| 300 | _axi,488p | ||
| 650 | _aSchool Administration | ||
| 700 |
_a Firth Gerald R Neville Richard F _9772561 |
||
| 942 |
_cTEXL _h371.2, ALF |
||
| 999 |
_c1374972 _d1374972 |
||